[Event "RUS-chT"]
[Site "Briansk"]
[Date "1995.??.??"]
[Round "4"]
[White "Motylev, Alexander"]
[Black "Minsky, A."]
[Result "1/2-1/2"]
[WhiteElo "2330"]
[BlackElo "2350"]

1.e4 g6 2.d4 Bg7 3.Nc3 d6 4.f4 Nf6 5.Nf3 O-O 6.Bd3 Nc6 7.e5 dxe5 8.dxe5 Nd5
9.Nxd5 Qxd5 10.Qe2 Bg4 11.Be4 Qa5+ 12.c3 Nd4 13.b4 Nxe2 14.bxa5 Nxc1 15.Rxc1 Rab8
16.Rb1 c6 17.O-O f6 18.Rb3 fxe5 19.fxe5 Bxf3 20.Bxf3 Bxe5 21.Rfb1  1/2-1/2

[Event "Wch U16"]
[Site "Guarapuava"]
[Date "1995.??.??"]
[Round "3"]
[White "Motylev, Alexander"]
[Black "Moreda, Lucas"]
[Result "1-0"]
[WhiteElo "2285"]
[BlackElo "2295"]

1.e4 c6 2.d4 d5 3.e5 Bf5 4.Nf3 e6 5.Be2 c5 6.Be3 Nc6 7.dxc5 f6 8.exf6 Nxf6
9.O-O Ne4 10.Nd4 Nxd4 11.Qxd4 Nxc5 12.c4 dxc4 13.Bh5+ Bg6 14.Bxg6+ hxg6 15.Qxc4 Qd6
16.h3 Nd7 17.Nc3 Qc6 18.Qd4 Nf6 19.Rac1 Be7 20.Ne2 Qa6 21.Nf4 Kf7 22.Rc7 Rhe8
23.Qc5 Qa4 24.Nxg6 Nd5 25.Ne5+ Kg8 26.Qc4 Qxc4 27.Rxc4 a6 28.Bd4 Red8 29.Nf3 Kf7
30.g3 Rf8 31.Re1 Bf6 32.Ne5+ Bxe5 33.Bxe5 Rad8 34.Rec1 g5 35.b3 Kg6 36.Bb2 Rf3
37.Re1 Kf7 38.Bc1 Rg8 39.Rce4 Rg6 40.Re5 g4 41.hxg4 Rc3 42.g5 Rc2 43.R5e2 Rc6
44.f4 Rg8 45.Bb2 Rgc8 46.g6+ Kxg6 47.Rxe6+ Kf7 48.Rxc6 Rxc6 49.Re2 Nb4 50.Ba3 Nc2
51.Bb2 Nb4 52.a3 Nd3 53.Kg2 a5 54.Rd2 Nc5 55.Kh3 Rb6 56.Rd5 Nxb3 57.Bc3 Rh6+
58.Kg4 b6 59.Rb5 Rg6+ 60.Kf3 a4 61.Rf5+ Ke7 62.Re5+ Kf7 63.f5 Rc6 64.Re3 Rc4
65.g4 b5 66.g5 Nd4+ 67.Bxd4 Rxd4 68.Re5 Rd3+ 69.Kf4 Rd4+ 70.Kf3 Rd3+ 71.Ke4 Rg3
72.g6+ Kf6 73.Re6+ Kg7 74.Re7+ Kh8 75.Rb7 b4 76.axb4 a3 77.Ke5 Rc3 78.Ra7 Kg8  1-0

[Event "Wch U16"]
[Site "Guarapuava"]
[Date "1995.??.??"]
[Round "7"]
[White "Motylev, Alexander"]
[Black "Pihlajasalo, Antti"]
[Result "1-0"]
[WhiteElo "2285"]
[BlackElo "2200"]

1.e4 e5 2.Bc4 Nf6 3.d3 c6 4.Nf3 d5 5.exd5 cxd5 6.Bb3 Nc6 7.O-O Be7 8.Qe1 Qd6
9.h3 O-O 10.Bg5 Bd8 11.Nc3 Be6 12.Ba4 Nd7 13.Bxd8 Raxd8 14.Ng5 Bf5 15.Qd2 f6
16.Nf3 d4 17.Bb3+ Kh8 18.Nh4 Be6 19.Ne4 Qe7 20.Bxe6 Qxe6 21.f4 exf4 22.Qxf4 Nb4
23.Qf2 Rc8 24.Rac1 Nxa2 25.Rce1 Qd5 26.Nf5 Rce8 27.Qxd4 Qxd4+ 28.Nxd4 Nb4
29.Nd6 Re5 30.Ne6 Rxe1 31.Rxe1 Rb8 32.d4 Nxc2 33.Rc1 Ne3 34.Rc7 Nf8 35.Nxg7 Nd5
36.Rf7 Kg8 37.Ngf5 Ne6 38.Rd7 Ndf4 39.Re7 Ne2+ 40.Kf2 N2xd4 41.Nh6+ Kh8 42.Ne8 Rc8
43.Nf7+ Kg8 44.Nfd6 Rc2+ 45.Kg3 Ng5 46.Rxb7 f5 47.h4 Ne4+ 48.Nxe4 fxe4 49.Nf6+ Kf8
50.Nxh7+ Ke8 51.Nf6+ Kf8 52.Nxe4 Nf5+ 53.Kf4 Nxh4 54.g4 Rc4 55.b3 Rd4 56.g5 Rd3
57.Ke5 a5 58.g6 Re3 59.g7+ Kg8 60.Kf6 Rf3+ 61.Kg5 Rf5+ 62.Kh6  1-0

[Event "RUS-sf"]
[Site "Kazan"]
[Date "1995.??.??"]
[Round "7"]
[White "Glyanets, Alexander"]
[Black "Motylev, Alexander"]
[Result "1/2-1/2"]
[WhiteElo "2385"]
[BlackElo "2285"]

1.d4 Nf6 2.c4 g6 3.Nc3 Bg7 4.e4 d6 5.Bd3 O-O 6.Nge2 e5 7.d5 a5 8.f3 Na6 9.Bg5 c6
10.Qd2 Qe8 11.g4 Nc5 12.Bc2 cxd5 13.cxd5 b5 14.Ng3 b4 15.Nce2 Qb5 16.O-O Ba6
17.Rfd1 Rfc8 18.Nc1 Rc7 19.Nd3 Rac8 20.Rac1 Nfd7 21.Be3 Bf6 22.b3 Nxd3 23.Bxd3 Qxd3
24.Qxd3 Bxd3 25.Rxc7 Rxc7 26.Rxd3 Rc2 27.Rd2 Rc3 28.Kf2 Nc5 29.Ke2 Bd8 30.Nf1 a4
31.Bxc5 dxc5 32.Rd3 Rc2+  1/2-1/2

[Event "RUS-ch sf"]
[Site "Ekaterinburg"]
[Date "1996.??.??"]
[Round "?"]
[White "Motylev, Alexander"]
[Black "Markov, Alexander"]
[Result "1-0"]
[WhiteElo "2280"]
[BlackElo "2220"]

1.d4 f5 2.Nf3 g6 3.h3 Nf6 4.g4 d6 5.gxf5 Bxf5 6.Bg2 Bg7 7.Nbd2 O-O 8.c3 d5
9.Qb3 Nc6 10.Qxb7 Qd6 11.Qb3 Rab8 12.Qd1 Nh5 13.Nf1 Be4 14.N1h2 e5 15.O-O exd4
16.Nxd4 Bxg2 17.Kxg2 Ne7 18.Rb1 c5 19.Ndf3 Bxc3 20.Bh6 Bg7 21.Bxg7 Nf4+ 22.Kh1 Kxg7
23.b4 cxb4 24.Qd4+ Kg8 25.e3 Ne6 26.Qb2 a5 27.Rbd1 Ng7 28.e4 Qe6 29.exd5 Nxd5
30.Rfe1 Qf7 31.Ne5 Qb7 32.Qb3 Rbd8 33.f3 Kh8 34.Nhg4 Nf5 35.Kh2 Nh4 36.Rd3 Qc7
37.Red1 a4 38.Qb2 h5 39.Kh1 Kh7 40.Rxd5 hxg4 41.Rd7+ Kg8 42.Rxc7 Rxd1+ 43.Kh2 Rfd8
44.Rc2 Re8 45.Qxb4 Rxe5 46.Rc8+ Kh7 47.Rc7+  1-0

[Event "RUS-ch sf"]
[Site "Ekaterinburg"]
[Date "1996.??.??"]
[Round "?"]
[White "Motylev, Alexander"]
[Black "Goriatchkin, Jouri"]
[Result "1/2-1/2"]
[WhiteElo "2280"]
[BlackElo "2390"]

1.e4 e6 2.d3 d5 3.Nd2 Nf6 4.Ngf3 c5 5.g3 Nc6 6.Bg2 Qc7 7.O-O b6 8.Re1 Be7
9.Qe2 Ba6 10.e5 Nd7 11.c4 d4 12.a3 Bb7 13.Nf1 a5 14.Bd2 a4 15.h4 h6 16.h5 Na5
17.Bxa5 bxa5 18.Rab1 Bc6 19.N3d2 Bxg2 20.Kxg2 O-O 21.f4 Rab8 22.b3 axb3 23.Nxb3 Rb6
24.Nbd2 Rfb8 25.Kh2 Rxb1 26.Rxb1 Rxb1 27.Nxb1 Qb7 28.Nbd2 Bd8 29.Ne4 Qb3
30.Nd6 Qxa3 31.f5 Qc1 32.fxe6 fxe6 33.Qg4 Qxf1 34.Qxe6+ Kh7 35.Qg6+ Kg8 36.Qe6+ Kh7  1/2-1/2

[Event "RUS-ch U20"]
[Site "Ekaterinburg"]
[Date "1996.??.??"]
[Round "4"]
[White "Sotnikov, Igor"]
[Black "Motylev, Alexander"]
[Result "1/2-1/2"]
[WhiteElo "2455"]
[BlackElo "2280"]

1.d4 Nf6 2.c4 g6 3.Nc3 Bg7 4.e4 d6 5.h3 O-O 6.Bg5 c6 7.Bd3 e5 8.d5 Na6 9.Nge2 Nc5
10.Bc2 Qb6 11.O-O cxd5 12.Bxf6 Bxf6 13.Nxd5 Qd8 14.Nxf6+ Qxf6 15.b4 Ne6 16.Qd3 Rd8
17.Ba4 Qh4 18.a3 a6 19.Rad1 b5 20.Bb3 Bb7 21.f3 Bc6 22.Rd2 Qg5 23.Rc1 a5
24.cxb5 Bxb5 25.Bc4 Bxc4 26.Rxc4 axb4 27.axb4 Ra1+ 28.Rd1 Ra2 29.Rc2 Rda8
30.Qd2 Rxc2 31.Qxc2 Qe3+ 32.Kh1 Rb8 33.Rb1 Qf2 34.Qb2 Rc8 35.b5 Nf4 36.Nxf4 Rc2
37.Qa3 exf4 38.Rg1  1/2-1/2

[Event "RUS-ch U20"]
[Site "Ekaterinburg"]
[Date "1996.??.??"]
[Round "11"]
[White "Motylev, Alexander"]
[Black "Malakhov, Vladimir"]
[Result "1-0"]
[WhiteElo "2280"]
[BlackElo "2535"]

1.e4 c5 2.c3 d5 3.exd5 Qxd5 4.d4 cxd4 5.cxd4 Nc6 6.Nf3 e5 7.Nc3 Bb4 8.Be2 e4
9.O-O Bxc3 10.bxc3 exf3 11.Bxf3 Qf5 12.Ba3 Nge7 13.Re1 Be6 14.d5 O-O-O 15.dxc6 Rxd1
16.cxb7+ Kc7 17.Raxd1 Nc8 18.c4 Qf4 19.Bb2 Nd6 20.Be5 Qxe5 21.Rxe5 Nxb7 22.h3 Rd8
23.Rb1 Nd6 24.Ra5 Nc8 25.Rb7+ Kd6 26.c5+ Ke5 27.c6+ Kd6 28.c7 Rd7 29.Ra6+ Ke5
30.Rc6 Rd2 31.Rxe6+  1-0

[Event "Komercni Banka op"]
[Site "Pardubice"]
[Date "1996.??.??"]
[Round "3"]
[White "Motylev, Alexander"]
[Black "Stocek, Jiri"]
[Result "1/2-1/2"]
[WhiteElo "2375"]
[BlackElo "2460"]

1.e4 c5 2.c3 Nf6 3.e5 Nd5 4.d4 cxd4 5.Nf3 d6 6.Bc4 Nb6 7.Bb3 dxe5 8.Nxe5 e6
9.cxd4 Nc6 10.Nxc6 bxc6 11.O-O Be7 12.Bf4 Ba6 13.Re1 O-O 14.Nc3 Rc8 15.Qg4 Bd3
16.Ne4 Kh8 17.Qh3 Bxe4 18.Rxe4 Nd5 19.Be5 f5 20.Re2 Bf6 21.Rae1 Bxe5 22.Rxe5 Qg5
23.Bxd5 cxd5 24.Qd3 Rfe8 25.g3 h6 26.Rxe6 Rxe6 27.Rxe6 f4 28.Re5 Qg4 29.Kg2 Rf8
30.f3 Qd7 31.Re2 Qf7 32.Rf2 Qf6 33.Qd2 Qg6 34.Re2 a6 35.Re5 Qb6 36.Qc3 Qb7
37.Qb3 Qxb3 38.axb3 Rb8 39.Rxd5 Rxb3 40.gxf4 Rxb2+ 41.Kg3 Rb5 42.Rd8+ Kh7
43.Ra8 Rd5 44.Rxa6 Rxd4 45.f5 Rd5 46.Kg4 Kg8 47.Ra7 Rd4+ 48.f4 Rd5 49.h3 Kf8
50.h4 Rb5 51.Rd7 Ra5 52.f6 gxf6 53.f5 h5+ 54.Kxh5 Rxf5+ 55.Kg6 Rf1 56.Rd5 f5
57.h5 Rg1+ 58.Kf6 Kg8  1/2-1/2

[Event "RUS-Cup01 Chigorin mem"]
[Site "St Petersburg"]
[Date "1997.11.01"]
[Round "1"]
[White "Motylev, Alexander"]
[Black "Sinkevich, Petr"]
[Result "1-0"]
[WhiteElo "2450"]
[BlackElo "2205"]

1.e4 e5 2.Nf3 Nc6 3.d4 exd4 4.Nxd4 Nf6 5.Nxc6 bxc6 6.e5 Qe7 7.Qe2 Nd5 8.c4 Ba6
9.b3 g6 10.g3 Bg7 11.Bb2 O-O 12.Bg2 f6 13.e6 Rfe8 14.O-O dxe6 15.Qd2 Red8
16.Qa5 Nb4 17.Bc3 Nc2 18.Qxa6 f5 19.Bxg7 Qxg7 20.Qxc6 Rab8 21.Qxe6+ Kh8 22.Na3 Nxa1
23.Qe1 Nxb3 24.axb3 Rxb3 25.Qa5 Qd4 26.Nc2 Qd6 27.Qa1+  1-0

[Event "RUS-Cup01 Chigorin mem"]
[Site "St Petersburg"]
[Date "1997.11.04"]
[Round "4"]
[White "Bratchenko, Alexander"]
[Black "Motylev, Alexander"]
[Result "0-1"]
[WhiteElo "2395"]
[BlackElo "2450"]

1.d4 g6 2.c4 Nf6 3.Nc3 Bg7 4.e4 d6 5.f3 O-O 6.Be3 Nc6 7.Nge2 a6 8.a3 Bd7
9.b4 Re8 10.Rc1 b5 11.c5 e6 12.Qd2 dxc5 13.bxc5 Na5 14.Qa2 Nc4 15.Bg5 h6
16.Bh4 e5 17.Bf2 c6 18.dxe5 Nxe5 19.Nd4 Nh5 20.g3 Be6 21.Qc2 Qxd4 22.Bxd4 Nxf3+
23.Kf2 Nxd4 24.Qb2 Nf6 25.Kg2 Nb3 26.Re1 Nxc5 27.Qb4 Nfxe4 28.Nxe4 Nxe4 29.Rxe4 Bd5
30.Bd3 f5 31.Rd1 Rad8 32.Bc2 fxe4 33.Kg1 a5 34.Qxa5 e3 35.Bd3 Ra8 36.Qe1 Rxa3
37.Qe2 Ra2 38.Bc2 Rxc2  0-1

[Event "RUS-Cup01 Chigorin mem"]
[Site "St Petersburg"]
[Date "1997.11.07"]
[Round "7"]
[White "Razuvaev, Yuri S"]
[Black "Motylev, Alexander"]
[Result "1-0"]
[WhiteElo "2555"]
[BlackElo "2450"]

1.c4 Nf6 2.Nf3 g6 3.d4 Bg7 4.g3 O-O 5.Bg2 d6 6.O-O Nbd7 7.Nc3 e5 8.e4 c6
9.Rb1 Re8 10.Re1 exd4 11.Nxd4 Ng4 12.Qxg4 Bxd4 13.Qd1 Qf6 14.Be3 Bxe3 15.Rxe3 Ne5
16.b3 g5 17.Rb2 Be6 18.h3 a6 19.Qf1 g4 20.hxg4 Nxg4 21.Rd3 Qh6 22.Qd1 Qh2+
23.Kf1 Ne5 24.Rxd6 f6 25.Rbd2 Bg4 26.f3 Qxg3 27.Ne2 Qh4 28.Nd4 c5 29.Nc2 Be6
30.Qe1 Qh2 31.Qe3 Rac8 32.f4 Ng4 33.Qf3 Qh5 34.Qg3 Kh8 35.Bf3 f5 36.Rxe6 Rxe6
37.exf5 Rh6 38.Qxg4 Qf7 39.Qg5 Rf6 40.Rd7 Qf8 41.Ne3 Re8 42.Nd5 Rxf5 43.Qh4 h6
44.Qh2  1-0

[Event "RUS-Cup5"]
[Site "Ekaterinburg"]
[Date "1997.??.??"]
[Round "1"]
[White "Tetradze, Natalia"]
[Black "Motylev, Alexander"]
[Result "0-1"]
[WhiteElo "2120"]
[BlackElo "2455"]

1.e4 c5 2.Nf3 d6 3.d4 cxd4 4.Nxd4 Nf6 5.Nc3 g6 6.Be2 Bg7 7.Be3 Nc6 8.O-O O-O
9.Qd2 Ng4 10.Bxg4 Bxg4 11.f3 Bd7 12.Rad1 Rc8 13.Nxc6 bxc6 14.Bd4 Bxd4+ 15.Qxd4 Qb6
16.Qxb6 axb6 17.a3 Be6 18.Rf2 b5 19.h3 g5 20.Re2 f6 21.Kh2 Kf7 22.g3 Rg8
23.Rde1 Rg6 24.Nd1 Ra8 25.Ne3 Rgg8 26.Nf5 Rgb8 27.Nh6+ Kg6 28.Nf5 Ra7 29.Nd4 Bd7
30.Nf5 Re8 31.Ne3 Ra4 32.c3 c5 33.Nc2 Bc6 34.Kg2 h5 35.Kf2 Rb8 36.Rd2 Kf7
37.Re3 Rd8 38.Re1 e6 39.Rde2 Rh8 40.Rd2 Ke7 41.Ne3 h4 42.g4 Rb8 43.Nc2 Ba8
44.Re3 Rb6 45.Re1 Kf7 46.Red1 d5 47.exd5 Bxd5 48.Ke3 Rf4 49.Rf2 Kg6 50.Ne1 b4
51.axb4 cxb4 52.Nd3 bxc3 53.Nxf4+ gxf4+ 54.Kxf4 cxb2 55.Rb1 Rb3 56.g5 e5+
57.Kg4 fxg5  0-1

[Event "RUS-Cup5"]
[Site "Ekaterinburg"]
[Date "1997.??.??"]
[Round "2"]
[White "Motylev, Alexander"]
[Black "Ulibin, Mikhail"]
[Result "1/2-1/2"]
[WhiteElo "2455"]
[BlackElo "2555"]

1.e4 e6 2.d4 d5 3.e5 c5 4.c3 Nc6 5.Nf3 Bd7 6.Be2 Nge7 7.O-O Nf5 8.Na3 cxd4
9.cxd4 Qb6 10.Nc2 Rc8 11.g4 Nfe7 12.Nfe1 f6 13.Be3 Ng6 14.exf6 gxf6 15.f4 Bd6
16.Nd3 Qc7 17.Rc1 O-O 18.Kh1 Kh8 19.Nc5 Bxc5 20.dxc5 e5 21.fxe5 Qxe5 22.Bf3 Nh4
23.b4 d4 24.Bxd4 Nxd4 25.Nxd4 Nxf3 26.Nxf3 Bc6 27.b5 Be4 28.Qe2 Qf4 29.h3 h5
30.Qf2 hxg4 31.Qh4+ Kg7 32.Qxg4+ Qxg4 33.hxg4 Rfd8 34.Rce1 Bxf3+ 35.Rxf3 Rd5
36.Re7+ Kg6 37.Kg2 Rd2+ 38.Kg3 Rxc5 39.Re6 Rxa2 40.Rfxf6+ Kg7 41.Rg6+ Kf7
42.Rgf6+  1/2-1/2

[Event "RUS-Cup5"]
[Site "Ekaterinburg"]
[Date "1997.??.??"]
[Round "8"]
[White "Motylev, Alexander"]
[Black "Beltugov, E."]
[Result "1-0"]
[WhiteElo "2455"]
[BlackElo "2225"]

1.e4 c5 2.c3 e5 3.Nf3 Nc6 4.Bc4 Be7 5.d4 cxd4 6.cxd4 exd4 7.O-O Qb6 8.e5 Qc5
9.Qb3 Nxe5 10.Nxe5 Qxe5 11.Bxf7+ Kf8 12.Nd2 Nf6 13.Nf3 Qc5 14.Bg5 Qb6 15.Rac1 d6
16.Qxb6 axb6 17.Bb3 Bg4 18.Nxd4 h6 19.Be3 d5 20.Nb5 Be2 21.Nc7 Rc8 22.Nxd5  1-0

[Event "RUS-ch U20"]
[Site "Kolontaevo"]
[Date "1997.??.??"]
[Round "?"]
[White "Najer, Evgeniy"]
[Black "Motylev, Alexander"]
[Result "1-0"]
[WhiteElo "2510"]
[BlackElo "2455"]

1.d4 Nf6 2.c4 g6 3.Nc3 Bg7 4.e4 d6 5.Nf3 O-O 6.Be2 e5 7.O-O Nh5 8.Bg5 f6
9.Be3 Nf4 10.c5 Nxe2+ 11.Qxe2 exd4 12.Nxd4 dxc5 13.Qc4+ Kh8 14.Qxc5 Nd7 15.Qb5 c6
16.Qb3 Ne5 17.h3 Qe7 18.f4 Bh6 19.Rae1 Nd7 20.Qc2 Nb6 21.Qf2 Nc4 22.Bc1 Qb4
23.Rd1 a5 24.Nc2 Qb6 25.Rd4 Be6 26.b3 Ne5 27.Be3 Qc7 28.Qh4 c5 29.Rd2 Nf7
30.Qxf6+ Bg7 31.Qxe6 Bxc3 32.Rd7 Qc8 33.Rfd1 Ra6 34.Qc4 Bd4  1-0

[Event "RUS-ch U20"]
[Site "Kolontaevo"]
[Date "1997.??.??"]
[Round "?"]
[White "Motylev, Alexander"]
[Black "Rychagov, Andrei"]
[Result "1/2-1/2"]
[WhiteElo "2455"]
[BlackElo "2455"]

1.e4 e6 2.d4 d5 3.e5 c5 4.c3 Qb6 5.Nf3 Nc6 6.a3 Bd7 7.b4 cxd4 8.cxd4 Rc8
9.Be3 Nh6 10.Bd3 Ng4 11.O-O Nxe3 12.fxe3 Be7 13.Nbd2 Nb8 14.Qe2 Ba4 15.e4 Nc6
16.Qe3 O-O 17.Rab1 a5 18.bxa5 Qa7 19.exd5 exd5 20.Rb6 Nxa5 21.Rh6 Bc2 22.Rh3 Bxd3
23.Qxd3 h6 24.Nh4 Bxh4 25.Rxh4 Nc4 26.Nxc4 dxc4 27.Qc3 Rfd8 28.Rhf4 Rd7 29.Qh3 b5  1/2-1/2

[Event "RUS-ch U20"]
[Site "Kolontaevo"]
[Date "1997.??.??"]
[Round "?"]
[White "Kobalija, Mihail"]
[Black "Motylev, Alexander"]
[Result "1/2-1/2"]
[WhiteElo "2545"]
[BlackElo "2455"]

1.d4 Nf6 2.Bg5 g6 3.Bxf6 exf6 4.e3 d5 5.Bd3 Bg7 6.Ne2 Nc6 7.c3 Ne7 8.Nf4 c6
9.Nd2 O-O 10.O-O Bh6 11.Qf3 Nf5 12.Rac1 Nh4  1/2-1/2

[Event "RUS-ch U20"]
[Site "Kolontaevo"]
[Date "1997.??.??"]
[Round "?"]
[White "Galkin, Alexander"]
[Black "Motylev, Alexander"]
[Result "0-1"]
[WhiteElo "2510"]
[BlackElo "2455"]

1.d4 Nf6 2.c4 g6 3.Nc3 Bg7 4.e4 d6 5.f3 O-O 6.Be3 Nc6 7.Nge2 a6 8.Qd2 Rb8
9.Rb1 Nd7 10.d5 Nce5 11.Nf4 c5 12.Qc2 b5 13.cxb5 Qa5 14.Bd2 axb5 15.Nxb5 Qxa2
16.Nc3 Qa7 17.Qa4 Qxa4 18.Nxa4 Nb6 19.Nxb6 Rxb6 20.Ba5 Rb3 21.Kd1 Bd7 22.Be2 Rfb8
23.Kc1 Bh6 24.Bd2 c4 25.g3 Nxf3 26.Bc3 Ne5 27.Ra1 Bg4 28.Kc2 Bg7 29.Ra2 Bxe2
30.Nxe2 Nd3 31.Nd4  0-1

[Event "RUS-chJM op"]
[Site "Kolontaevo"]
[Date "1997.??.??"]
[Round "?"]
[White "Rychagov, Andrei"]
[Black "Motylev, Alexander"]
[Result "1/2-1/2"]
[WhiteElo "2455"]
[BlackElo "2455"]

1.d4 Nf6 2.c4 g6 3.Nc3 Bg7 4.e4 d6 5.Nf3 O-O 6.Be2 e5 7.O-O Na6 8.Re1 c6
9.Bf1 exd4 10.Nxd4 Ng4 11.h3 Qb6 12.hxg4 Qxd4 13.Qe2 Qe5 14.Be3 Nc5 15.f3 f5
16.gxf5 gxf5 17.f4 Qe7 18.Bxc5 dxc5 19.e5 Rd8 20.Rad1 Be6 21.Qe3 Bf8 22.b3 Kh8
23.Na4 Rd4 24.Rxd4 cxd4 25.Qxd4 Rd8 26.Qe3 Qh4 27.g3 Qg4 28.Be2 Qh3 29.Bd1 Qg4
30.c5 b5 31.cxb6 axb6 32.Qc3 b5 33.Be2 Qh3 34.Bf1 Qg4 35.Be2  1/2-1/2

[Event "RUS-chJM op"]
[Site "Kolontaevo"]
[Date "1997.??.??"]
[Round "?"]
[White "Nureev, Garun"]
[Black "Motylev, Alexander"]
[Result "0-1"]
[WhiteElo "2370"]
[BlackElo "2455"]

1.Nf3 Nf6 2.d4 g6 3.c4 Bg7 4.Nc3 O-O 5.e3 d6 6.Be2 a5 7.O-O Nbd7 8.Rb1 e5
9.a3 Re8 10.b4 axb4 11.axb4 exd4 12.Nxd4 Ne5 13.Qb3 Bd7 14.Rd1 Nfg4 15.f3 c5
16.bxc5 dxc5 17.Ndb5 Nxh2 18.Kxh2 Qh4+ 19.Kg1 Bh3 20.Ne4 Ng4 21.fxg4 Rxe4
22.Bf3 Bxg4 23.Bxe4 Be5 24.Bf3 Bxf3 25.gxf3 Qg3+ 26.Kf1 Qxf3+ 27.Ke1 Qh1+
28.Kd2 Qg2+ 29.Kd3 Rd8+ 30.Nd4 cxd4 31.e4 f5 32.exf5 gxf5 33.c5+ Kh8 34.Kc4 b6
35.Ba3 bxc5 36.Ra1 Qd5+ 37.Kd3 c4+ 38.Qxc4 Qe4+ 39.Kd2 Bf4+  0-1

[Event "RUS-chJM op"]
[Site "Kolontaevo"]
[Date "1997.??.??"]
[Round "?"]
[White "Motylev, Alexander"]
[Black "Yurenko, Konstantin"]
[Result "1-0"]
[WhiteElo "2455"]
[BlackElo "2275"]

1.e4 c5 2.c3 e6 3.d4 d5 4.e5 Nc6 5.Nf3 Qb6 6.Be2 cxd4 7.cxd4 Nge7 8.Na3 Bd7
9.O-O Nf5 10.Nc2 Rc8 11.g4 Nfe7 12.Nfe1 h5 13.gxh5 Nf5 14.Be3 Kd8 15.Nd3 Kc7
16.b4 Kb8 17.Kh1 f6 18.Nc5 Bxc5 19.bxc5 Qa5 20.exf6 gxf6 21.Rb1 Ka8 22.Rb3 e5
23.dxe5 d4 24.Bxd4 Nfxd4 25.Nxd4 Nxd4 26.Qxd4 Bc6+ 27.Bf3 Qxa2 28.Qe3 Rxh5
29.Bxc6 bxc6 30.Rfb1 Rch8 31.Qf3 Rxh2+ 32.Kg1 Qa4 33.Rb4 Qa6 34.exf6 R2h6
35.f7 Rg6+ 36.Rg4 Rxg4+ 37.Qxg4 Qa2 38.Qe4 Qd5 39.Qxd5 cxd5 40.Re1 Kb7 41.Re8  1-0

[Event "RUS-chJM op"]
[Site "Kolontaevo"]
[Date "1997.??.??"]
[Round "?"]
[White "Motylev, Alexander"]
[Black "Konotop, Sergei"]
[Result "1-0"]
[WhiteElo "2455"]
[BlackElo "2185"]

1.e4 c5 2.c3 Nf6 3.e5 Nd5 4.d4 cxd4 5.Nf3 e6 6.cxd4 b6 7.Nc3 Nxc3 8.bxc3 Qc7
9.Bd2 d6 10.Bd3 Nd7 11.O-O Bb7 12.Ng5 dxe5 13.Qh5 g6 14.Qh3 Be7 15.Rfe1 h6
16.Rad1 Bd5 17.dxe5 Nxe5 18.Bb5+ Kf8 19.c4 Bb7 20.Bc3 Bf6 21.Nxf7 Qxf7 22.Bxe5 Bxe5
23.Rxe5  1-0

[Event "RUS-chJM op"]
[Site "Kolontaevo"]
[Date "1997.??.??"]
[Round "?"]
[White "Motylev, Alexander"]
[Black "Erenburg, Sergey"]
[Result "1-0"]
[WhiteElo "2455"]
[BlackElo "2265"]

1.e4 c6 2.d4 d5 3.e5 c5 4.dxc5 e6 5.Be3 Nd7 6.c4 dxc4 7.Nf3 Ne7 8.Nbd2 c3
9.bxc3 Nd5 10.Bg5 Qc7 11.Bc4 Bxc5 12.O-O O-O 13.Re1 Nxc3 14.Qc2 Nd5 15.Qe4 Qc6
16.Nd4 Qb6 17.N2b3 Bb4 18.Rf1 Nc5 19.Nxc5 Bxc5 20.Bd3 g6 21.Rab1 Nc3 22.Qh4 Nxb1
23.Bf6 Re8 24.Rxb1 Qc7 25.Nb5 Qd7 26.Nd6 Bxd6 27.exd6 Qxd6 28.Bb5 e5 29.Bxe8 Be6
30.Qh6 Qf8 31.Qxf8+ Kxf8 32.Ba4 b6 33.Bb3 Bxb3 34.axb3 e4 35.Rd1 Ke8 36.Kf1 a5
37.Rd4 b5 38.Rxe4+ Kd7 39.Bb2 a4 40.bxa4 bxa4 41.Ba3 Kc6 42.Ke2 Kb5 43.Rb4+ Kc6
44.Kd3 Ra7 45.h4 h5 46.Kc3 Kd5 47.Kd3 Kc6 48.Re4 Ra5 49.Rf4 f5 50.Rd4 Kb7
51.g3 Kc7 52.Kc4 Ra6 53.Kb5 Re6 54.Rxa4  1-0

[Event "WchT U26"]
[Site "Roque Saenz Pena"]
[Date "1997.??.??"]
[Round "1"]
[White "Motylev, Alexander"]
[Black "Cubas, Jose Fernando"]
[Result "1-0"]
[WhiteElo "2450"]
[BlackElo "2110"]

1.e4 c5 2.c3 Nf6 3.e5 Nd5 4.d4 cxd4 5.Nf3 Nc6 6.Bc4 Nb6 7.Bb3 d5 8.exd6 Qxd6
9.Na3 Be6 10.Nb5 Qd7 11.Bxe6 Qxe6+ 12.Be3 Qd7 13.Nbxd4 Nd5 14.O-O e6 15.Nxc6 bxc6
16.Bd4 f6 17.c4 Nc7 18.Qe2 c5 19.Bc3 Qc6 20.Ba5 Bd6 21.b4 Kf7 22.b5 Qd7 23.Qe4 g6
24.Rad1 Rad8 25.Rd2 Qe7 26.Rfd1 Rhe8 27.Qc6 Bf4 28.Rd7  1-0

[Event "WchT U26"]
[Site "Roque Saenz Pena"]
[Date "1997.??.??"]
[Round "2"]
[White "Motylev, Alexander"]
[Black "Valerga, Diego"]
[Result "0-1"]
[WhiteElo "2450"]
[BlackElo "2480"]

1.e4 e5 2.Nf3 Nc6 3.d4 exd4 4.Nxd4 Nf6 5.Nxc6 bxc6 6.e5 Qe7 7.Qe2 Nd5 8.c4 Nb6
9.Nd2 Qe6 10.a3 Be7 11.b3 O-O 12.Bb2 Rb8 13.O-O-O d5 14.exd6 Qxe2 15.Bxe2 cxd6
16.Nf3 c5 17.Rhe1 Be6 18.Bd3 Na8 19.Nd2 Nc7 20.f4 g6 21.g4 Bh4 22.f5 Bxe1
23.Rxe1 Bc8 24.Re7 Ne8 25.Rxa7 gxf5 26.gxf5 f6 27.Be4 Kh8 28.Bc2 Bb7 29.Ne4 Rf7
30.a4 Kg8 31.a5 Bxe4 32.Rxf7 Bxc2 33.Re7 Bxb3 34.a6 Bxc4 35.a7 Ra8 36.h4 Kf8
37.Rd7 Bd3 38.Rxh7 Bxf5 39.Rb7 Be4 40.Rd7 Rc8 41.h5 Rc7 42.Rxc7 Nxc7 43.Bxf6 Nb5  0-1

[Event "WchT U26"]
[Site "Roque Saenz Pena"]
[Date "1997.??.??"]
[Round "3"]
[White "Escandon, Federico"]
[Black "Motylev, Alexander"]
[Result "0-1"]
[WhiteElo "2160"]
[BlackElo "2450"]

1.e4 c5 2.Nf3 d6 3.d4 cxd4 4.Nxd4 Nf6 5.Nc3 g6 6.Be2 Bg7 7.O-O O-O 8.Nb3 Nc6
9.Bg5 Be6 10.Kh1 a5 11.a4 Nb4 12.f4 Qc8 13.Bf3 Rd8 14.Nd4 Bc4 15.Rf2 h6 16.Bh4 e5
17.Ndb5 exf4 18.Rd2 Bxb5 19.axb5 g5 20.Bf2 g4 21.Be2 Qe6 22.Bd4 h5 23.Bb6 Re8
24.Bxa5 Nxe4 25.Nxe4 Qxe4 26.c4 h4 27.Bxb4 Rxa1 28.Qxa1 h3 29.Bf1 f3 30.Bxd6 fxg2+
31.Bxg2 Qe1+  0-1

[Event "WchT U26"]
[Site "Roque Saenz Pena"]
[Date "1997.??.??"]
[Round "4"]
[White "Motylev, Alexander"]
[Black "Guid, Matej"]
[Result "1-0"]
[WhiteElo "2450"]
[BlackElo "2150"]

1.e4 e6 2.d4 d5 3.e5 c5 4.c3 Nc6 5.Nf3 Bd7 6.Be2 f6 7.O-O fxe5 8.dxe5 Qc7
9.c4 d4 10.Bf4 h6 11.Bd3 O-O-O 12.Nbd2 g5 13.Bg3 Be8 14.a3 Bh5 15.Qa4 Bg7
16.b4 g4 17.b5 gxf3 18.bxc6 b6 19.Ne4 Bf8 20.Qa6+ Kb8 21.Nd6 Qxc6 22.Be4 Qc7
23.Rfb1 Be8 24.Rxb6+ Qxb6 25.Rb1 Bxd6 26.exd6  1-0

[Event "WchT U26"]
[Site "Roque Saenz Pena"]
[Date "1997.??.??"]
[Round "8"]
[White "Scarella, Enrique"]
[Black "Motylev, Alexander"]
[Result "0-1"]
[WhiteElo "2380"]
[BlackElo "2450"]

1.Nf3 Nf6 2.c4 g6 3.d4 Bg7 4.g3 O-O 5.Bg2 d6 6.O-O Nbd7 7.Nc3 e5 8.e4 c6
9.Qc2 Re8 10.Rd1 Qe7 11.b3 a5 12.dxe5 dxe5 13.h3 Nc5 14.Ba3 b6 15.Na4 Qa7
16.Bxc5 bxc5 17.Ne1 Nh5 18.Qd2 Bf8 19.Nd3 Ng7 20.Qe3 Ne6 21.Rd2 Nd4 22.Rf1 f5
23.Kh2 Bd6 24.exf5 Nxf5 25.Qe1 Nd4 26.Be4 Qd7 27.h4 Rf8 28.f3 Qa7 29.Qe3 Bf5
30.Bxf5 Rxf5 31.Kg2 Raf8 32.Rdf2 Qe7 33.Qe4 Kg7 34.f4 exf4 35.Qxe7+ Bxe7
36.Rxf4 Rd8 37.Naxc5 Bxc5 38.Nxc5 Rxc5 39.Rf7+ Kg8 40.Re7 Nf5 41.Rc7 Ne3+  0-1

[Event "WchT U26"]
[Site "Roque Saenz Pena"]
[Date "1997.??.??"]
[Round "9"]
[White "Motylev, Alexander"]
[Black "Valenzuela, Luis"]
[Result "1-0"]
[WhiteElo "2450"]
[BlackElo "2355"]

1.e4 c5 2.c3 Nf6 3.e5 Nd5 4.d4 cxd4 5.Nf3 Nc6 6.Bc4 Nb6 7.Bb3 g6 8.cxd4 Bg7
9.d5 Nxe5 10.Nxe5 Bxe5 11.Bh6 e6 12.Nc3 Qh4 13.Qd2 Nc4 14.Bxc4 Qxc4 15.Rc1 b6
16.f4 Bxc3 17.Rxc3 Qe4+ 18.Re3 Qc4 19.Kf2 Bb7 20.Rd1 Qb5 21.Qc3 Rg8 22.Qf6 Rc8
23.Bg5 Qb4 24.d6  1-0

[Event "Piatka op"]
[Site "Swidnica"]
[Date "1997.??.??"]
[Round "?"]
[White "Weglarz, Leszek"]
[Black "Motylev, Alexander"]
[Result "0-1"]
[WhiteElo "2370"]
[BlackElo "2455"]

1.e4 c5 2.c3 d5 3.exd5 Qxd5 4.d4 Nf6 5.Nf3 Bg4 6.Be2 e6 7.h3 Bh5 8.O-O Nc6
9.Be3 cxd4 10.cxd4 Bb4 11.g4 Bg6 12.Ne5 Nxe5 13.dxe5 Qxd1 14.Rxd1 Nd5 15.Bb5+ Kf8
16.Bd4 h5 17.Nc3 Bxc3 18.bxc3 hxg4 19.c4 Nf4 20.Be3 Nxh3+ 21.Kf1 Be4 22.Rd4 Nf4
23.f3 Rh1+ 24.Bg1 Nh3  0-1

[Event "Piatka op"]
[Site "Swidnica"]
[Date "1997.??.??"]
[Round "6"]
[White "Motylev, Alexander"]
[Black "Pigusov, Evgeny"]
[Result "1/2-1/2"]
[WhiteElo "2455"]
[BlackElo "2565"]

1.e4 c5 2.c3 d5 3.exd5 Qxd5 4.d4 Nf6 5.Nf3 Bg4 6.Nbd2 Nc6 7.Bc4 Bxf3 8.Qb3 Na5
9.Qb5+ Qd7 10.Nxf3 Nxc4 11.Qxc4 cxd4 12.Qxd4 Qxd4 13.Nxd4 Rc8 14.Bf4 Nd5
15.Bg3 e6 16.Ke2 a6 17.Rhd1 Be7 18.Be5 Rg8 19.Nb3 f6 20.Bg3 Kf7 21.Rac1 b5
22.Na5 f5 23.Be5 Bf6 24.Bxf6 Kxf6 25.g3 Rc7 26.a3 Rgc8 27.h4 Ke7 28.Rd2 Nb6
29.f4 g6 30.Rcd1 Rd7 31.Rxd7+ Nxd7 32.Rd4 Nb6 33.Kd2 Na4 34.c4 Nxb2 35.cxb5 axb5
36.Rb4 Ra8 37.Nc6+ Kd6 38.Ne5 Nc4+ 39.Nxc4+ bxc4 40.a4 e5  1/2-1/2